[Event "DVM U16 2016"]
[Site "Neumarkt in der Oberpfalz GER"]
[Date "2016.12.27"]
[Round "2"]
[White "Oberhofer, Cédric"]
[Black "Linnert, Niklas"]
[Result "1-0"]
[Termination "normal"]
[Board "4.1"]
[WhiteElo "2226"]
[BlackElo "1806"]
[WhiteTeam "SC Bavaria Regensburg"]
[BlackTeam "SK König Plauen"]
[PlyCount "73"]
[WhiteFideId "12941220"]
[BlackFideId "12974781"]
[EventCountry "GER"]
[EventRounds "7"]
[EventType "team-swiss"]
[EventDate "2016.12.26"]

1. e4 c5 2. Nf3 e6 3. d4 cxd4 4. Nxd4 Nc6 5. Nc3 Qc7 6. Be2 a6 7. O-O Nf6 8.
Be3 Be7 9. f4 d6 10. Bf3 O-O 11. Qe1 e5 12. Nxc6 bxc6 13. fxe5 dxe5 14. Na4 Rb8
15. b3 c5 16. c4 Be6 17. Rd1 Rfd8 18. Rxd8+ Rxd8 19. Qf2 Rc8 20. h3 Nd7 21. Nc3
Rf8 22. Qg3 Kh8 23. Bg4 Bxg4 24. Qxg4 Nf6 25. Qe2 h6 26. g4 Qc6 27. Nd5 Nxd5
28. cxd5 Qb5 29. Qc2 Kg8 30. Rc1 Rc8 31. Qc4 Qxc4 32. Rxc4 a5 33. a3 Rb8 34.
Bxc5 Bxc5+ 35. Rxc5 Rxb3 36. Rxa5 Rxh3 37. d6  1-0

[Event "DVM U16 2016"]
[Site "Neumarkt in der Oberpfalz GER"]
[Date "2016.12.27"]
[Round "2"]
[White "Burian, Simon"]
[Black "Dechant, Georg"]
[Result "1-0"]
[Termination "normal"]
[Board "4.2"]
[WhiteElo "1827"]
[BlackElo "2005"]
[WhiteTeam "SK König Plauen"]
[BlackTeam "SC Bavaria Regensburg"]
[PlyCount "63"]
[WhiteFideId "12956902"]
[BlackFideId "12956716"]
[EventCountry "GER"]
[EventRounds "7"]
[EventType "team-swiss"]
[EventDate "2016.12.26"]

1. e4 c5 2. Nf3 Nc6 3. d4 cxd4 4. Nxd4 Qc7 5. c4 Nf6 6. Nc3 Nxe4 7. Ndb5 Qa5 8.
Bd2 Nxd2 9. Qxd2 a6 10. Nd4 e6 11. Nb3 Qc7 12. Be2 Be7 13. O-O O-O 14. Rad1 Rd8
15. Qe3 Rb8 16. Kh1 b6 17. f4 Bb7 18. f5 Qe5 19. Qh3 Bb4 20. Bd3 h6 21. Rde1
Qd6 22. Ne4 Qf8 23. Re3 exf5 24. Qxf5 g6 25. Nf6+ Kg7 26. Rg3 Ne7 27. Nh5+ Kh7
28. Qxf7+ Qxf7 29. Rxf7+ Kg8 30. Rg7+ Kf8 31. Bxg6 Nxg6 32. R3xg6 1-0

[Event "DVM U16 2016"]
[Site "Neumarkt in der Oberpfalz GER"]
[Date "2016.12.27"]
[Round "2"]
[White "Sammet, Dominik"]
[Black "Graf, Lucas"]
[Result "1-0"]
[Termination "normal"]
[Board "4.3"]
[WhiteElo "1696"]
[BlackElo "1716"]
[WhiteTeam "SC Bavaria Regensburg"]
[BlackTeam "SK König Plauen"]
[PlyCount "53"]
[WhiteFideId "12987875"]
[BlackFideId "12974889"]
[EventCountry "GER"]
[EventRounds "7"]
[EventType "team-swiss"]
[EventDate "2016.12.26"]

1. e4 c5 2. Nf3 e6 3. d4 cxd4 4. Nxd4 Nc6 5. c4 Nf6 6. Nc3 Bb4 7. Nxc6 bxc6 8.
Bd3 Bxc3+ 9. bxc3 e5 10. O-O O-O 11. Bg5 Qe7 12. Kh1 d6 13. f4 exf4 14. Rxf4
Qe5 15. h4 h6 16. Rxf6 gxf6 17. Bxh6 Rd8 18. Qf3 Kh7 19. Bf4 Qe6 20. e5+ Kg8
21. exd6 Bb7 22. Qh5 Rxd6 23. Bxd6 Qxd6 24. Qh7+ Kf8 25. Re1 Qg3 26. Qh8+ Qg8
27. Qxf6 1-0

[Event "DVM U16 2016"]
[Site "Neumarkt in der Oberpfalz GER"]
[Date "2016.12.27"]
[Round "2"]
[White "Hörkner, Nico"]
[Black "Brüll, Elias"]
[Result "1/2-1/2"]
[Termination "normal"]
[Board "4.4"]
[WhiteElo "1622"]
[BlackElo "1617"]
[WhiteTeam "SK König Plauen"]
[BlackTeam "SC Bavaria Regensburg"]
[PlyCount "70"]
[WhiteFideId "12974900"]
[BlackFideId "12964921"]
[EventCountry "GER"]
[EventRounds "7"]
[EventType "team-swiss"]
[EventDate "2016.12.26"]

1. e4 c5 2. Nf3 d6 3. d4 cxd4 4. Nxd4 Nf6 5. Nc3 a6 6. Be2 e5 7. Nb3 Be7 8. f3
Be6 9. Nd5 Bxd5 10. exd5 b5 11. Be3 Nbd7 12. a4 bxa4 13. Rxa4 Nb6 14. Ra5 O-O
15. O-O Qc7 16. Qd2 Nbxd5 17. Rc1 Qb7 18. Bd3 Rfc8 19. Kf2 Nb4 20. Be2 Rc7 21.
Bg5 Rac8 22. Bxf6 Bxf6 23. c4 Be7 24. Rc3 Qb8 25. Kg1 Rb7 26. Qd1 Nc6 27. Rxa6
Ra7 28. Rxa7 Qxa7+ 29. Kh1 Qa2 30. Qc2 Rb8 31. Bd1 Na5 32. Nxa5 Qxa5 33. Qe2
Qa1 34. Rc2 f6 35. h3 Qb1 1/2-1/2

[Event "DVM U16 2016"]
[Site "Neumarkt in der Oberpfalz GER"]
[Date "2016.12.27"]
[Round "2"]
[White "Browning, Alex"]
[Black "Kreyssig, Bruno"]
[Result "1/2-1/2"]
[Termination "normal"]
[Board "5.1"]
[WhiteElo "1938"]
[BlackElo "2165"]
[WhiteTeam "MS Halver-Schalksmühle"]
[BlackTeam "SG Leipzig"]
[PlyCount "97"]
[WhiteFideId "12984019"]
[BlackFideId "4692489"]
[EventCountry "GER"]
[EventRounds "7"]
[EventType "team-swiss"]
[EventDate "2016.12.26"]

1. e4 c5 2. Nf3 d6 3. d4 cxd4 4. Nxd4 Nf6 5. Nc3 g6 6. Be3 Bg7 7. f3 O-O 8. Qd2
Nc6 9. O-O-O Nxd4 10. Bxd4 Be6 11. Kb1 Qc7 12. h4 Rfc8 13. h5 Qa5 14. hxg6 hxg6
15. a3 Rab8 16. Rh4 b5 17. Qg5 d5 18. Nxd5 Bxd5 19. exd5 b4 20. Qd2 Qxd5 21.
Bxf6 Qxd2 22. Rxd2 Bxf6 23. Rxb4 Rxb4 24. axb4 Rc6 25. c3 Rd6 26. Rxd6 exd6 27.
Bc4 Kf8 28. Bd5 Be5 29. Kc2 Ke7 30. Kd3 f6 31. Kc4 Kd7 32. Kb5 Kc7 33. Ka6 Kb8
34. Bf7 g5 35. Be6 Bf4 36. c4 Be3 37. Kb5 Kc7 38. c5 dxc5 39. bxc5 Bf2 40. b4
Be3 41. Kc4 Bd2 42. b5 Bf4 43. Kd5 Be5 44. Ke4 Bg3 45. Bf5 Be5 46. Kd5 Bb2 47.
Ke6 Bd4 48. Be4 Bc3 49. Ke7  1/2-1/2

[Event "DVM U16 2016"]
[Site "Neumarkt in der Oberpfalz GER"]
[Date "2016.12.27"]
[Round "2"]
[White "Halas, Julia"]
[Black "Kölz, Niklas"]
[Result "1/2-1/2"]
[Termination "normal"]
[Board "5.2"]
[WhiteElo "1839"]
[BlackElo "1801"]
[WhiteTeam "SG Leipzig"]
[BlackTeam "MS Halver-Schalksmühle"]
[PlyCount "86"]
[WhiteFideId "12931810"]
[BlackFideId "12971758"]
[EventCountry "GER"]
[EventRounds "7"]
[EventType "team-swiss"]
[EventDate "2016.12.26"]

1. d4 Nf6 2. c4 e6 3. Nf3 b6 4. g3 Ba6 5. Qc2 Bb4+ 6. Bd2 Bxd2+ 7. Nbxd2 Bb7 8.
Bg2 Nc6 9. O-O O-O 10. a3 d5 11. cxd5 Nxd5 12. e4 Nf6 13. Nb3 Ne7 14. Ne5 a5
15. Rad1 c6 16. Rfe1 Qc7 17. f4 Rfd8 18. Qf2 Ng6 19. Nd2 Nxe5 20. fxe5 Ne8 21.
Nf3 Qe7 22. Rf1 h6 23. g4 Rac8 24. g5 Ba6 25. Rfe1 h5 26. Bf1 Bxf1 27. Rxf1 g6
28. Qh4 Qb7 29. Qf4 Kg7 30. Nh4 Rd7 31. Rd3 Rcd8 32. Rdf3 Re7 33. Rh3 Kh7 34.
Qf3 Ng7 35. Qf2 Red7 36. Nf3 c5 37. dxc5 bxc5 38. Qxc5 Qxb2 39. Qc1 Qxc1 40.
Rxc1 Rd1+ 41. Rxd1 Rxd1+ 42. Kf2 Rd3 43. Ng1 Rd4 1/2-1/2

[Event "DVM U16 2016"]
[Site "Neumarkt in der Oberpfalz GER"]
[Date "2016.12.27"]
[Round "2"]
[White "Browning, Rebecca"]
[Black "Hofmann, Timo"]
[Result "0-1"]
[Termination "normal"]
[Board "5.3"]
[WhiteElo "1815"]
[BlackElo "1858"]
[WhiteTeam "MS Halver-Schalksmühle"]
[BlackTeam "SG Leipzig"]
[PlyCount "56"]
[WhiteFideId "12984027"]
[BlackFideId "12946044"]
[EventCountry "GER"]
[EventRounds "7"]
[EventType "team-swiss"]
[EventDate "2016.12.26"]

1. e4 e6 2. d4 d5 3. exd5 exd5 4. Nf3 Nc6 5. Bf4 Bd6 6. Bxd6 Qxd6 7. c3 Bg4 8.
Be2 Nge7 9. Nbd2 f6 10. h3 Bf5 11. O-O O-O-O 12. a4 g5 13. Nh2 Ng6 14. b4 Nf4
15. Bg4 Ne7 16. Re1 h5 17. Bxf5+ Nxf5 18. Qc2 Qd7 19. Nb3 g4 20. Nc5 Qh7 21.
Qd2 Qh6 22. Ne6 Nxh3+ 23. gxh3 Qxd2 24. Nc5 gxh3 25. Kf1 Ng3+ 26. Kg1 Rdg8 27.
Re7 Ne4+ 28. Kh1 Nxf2#  0-1

[Event "DVM U16 2016"]
[Site "Neumarkt in der Oberpfalz GER"]
[Date "2016.12.27"]
[Round "2"]
[White "Knüpfer, Tim"]
[Black "Scholz, Sebastian"]
[Result "1-0"]
[Termination "normal"]
[Board "5.4"]
[WhiteElo "1753"]
[BlackElo "1681"]
[WhiteTeam "SG Leipzig"]
[BlackTeam "MS Halver-Schalksmühle"]
[PlyCount "79"]
[WhiteFideId "16217489"]
[BlackFideId "16202597"]
[EventCountry "GER"]
[EventRounds "7"]
[EventType "team-swiss"]
[EventDate "2016.12.26"]

1. e4 e6 2. d4 d5 3. Nc3 Bb4 4. e5 c5 5. a3 Bxc3+ 6. bxc3 Qa5 7. Bd2 Qa4 8. Qg4
g6 9. Qd1 c4 10. h4 h5 11. Nf3 Bd7 12. Bg5 Qa5 13. Qd2 Ba4 14. Be2 Nc6 15. O-O
Nce7 16. Nh2 O-O-O 17. Rfb1 b5 18. f3 Rf8 19. Rf1 Nf5 20. Rae1 Ng3 21. Rf2
Nxe2+ 22. Rexe2 Qc7 23. Nf1 Ne7 24. Ne3 Ng8 25. Nd1 Kd7 26. Re1 Qb6 27. Nb2 Qa5
28. Rb1 Rh7 29. Rff1 Rc8 30. Nxa4 Qxa4 31. Qc1 Rf8 32. Rb4 Qa5 33. Qb2 Kc6 34.
a4 Rb8 35. Ra1 f6 36. axb5+ Qxb5 37. Rxb5 Rxb5 38. Ra6+ Rb6 39. Rxb6+ axb6 40.
Bxf6  1-0

[Event "DVM U16 2016"]
[Site "Neumarkt in der Oberpfalz GER"]
[Date "2016.12.27"]
[Round "2"]
[White "Sieber, Fiona"]
[Black "Färber, David"]
[Result "1/2-1/2"]
[Termination "normal"]
[Board "6.1"]
[WhiteTitle "WFM"]
[WhiteElo "2169"]
[BlackElo "2159"]
[WhiteTeam "SG Aufbau Elbe Magdeburg"]
[BlackTeam "SV Walldorf"]
[PlyCount "104"]
[WhiteFideId "12902373"]
[BlackFideId "12971294"]
[EventCountry "GER"]
[EventRounds "7"]
[EventType "team-swiss"]
[EventDate "2016.12.26"]

1. e4 c5 2. Nf3 Nc6 3. d4 cxd4 4. Nxd4 e5 5. Nb5 d6 6. N1c3 a6 7. Na3 b5 8. Nd5
Nce7 9. c4 Nxd5 10. exd5 bxc4 11. Nxc4 Be7 12. Be2 Nf6 13. Be3 O-O 14. a4 Bb7
15. Nb6 Rb8 16. a5 Nd7 17. Rc1 f5 18. O-O Qe8 19. Nxd7 Qxd7 20. f3 Rfc8 21. Qd2
Qa4 22. Ba7 Ra8 23. Bb6 Qb3 24. Rxc8+ Rxc8 25. Rc1 Rxc1+ 26. Qxc1 Kf8 27. Bc4
Qb4 28. Bd3 g6 29. Bf1 Qb3 30. Bc4 Qb4 31. h4 Qa4 32. h5 Kg7 33. Be2 Qd7 34. b4
Bf6 35. hxg6 hxg6 36. Kf2 Bh4+ 37. g3 Bd8 38. Be3 f4 39. gxf4 Qh3 40. Bf1 Bh4+
41. Ke2 Qh2+ 42. Kd3 Bxd5 43. Qc7+ Bf7 44. Be2 Bf6 45. Qxd6 Qh1 46. Kd2 Qa1 47.
Qc5 exf4 48. Bxf4 Bd4 49. Qc2 Qa3 50. Bd6 Qe3+ 51. Ke1 Qf2+ 52. Kd2 Qe3+
1/2-1/2

[Event "DVM U16 2016"]
[Site "Neumarkt in der Oberpfalz GER"]
[Date "2016.12.27"]
[Round "2"]
[White "Hartmann, Cora"]
[Black "Biastoch, Bennet"]
[Result "0-1"]
[Termination "normal"]
[Board "6.2"]
[WhiteElo "1856"]
[BlackElo "2115"]
[WhiteTeam "SV Walldorf"]
[BlackTeam "SG Aufbau Elbe Magdeburg"]
[PlyCount "58"]
[WhiteFideId "16200764"]
[BlackFideId "12939889"]
[EventCountry "GER"]
[EventRounds "7"]
[EventType "team-swiss"]
[EventDate "2016.12.26"]

1. e4 c5 2. Nf3 Nc6 3. Bb5 Qb6 4. Bxc6 Qxc6 5. d3 g6 6. O-O Bg7 7. c3 d6 8. Re1
Nf6 9. Nbd2 O-O 10. d4 b5 11. e5 Nd7 12. e6 fxe6 13. Rxe6 Ne5 14. Nxe5 Bxe5 15.
Rxe7 cxd4 16. cxd4 Bxd4 17. Nf3 Bf6 18. Qb3+ Qc4 19. Qxc4+ bxc4 20. Rc7 d5 21.
Bh6 Rf7 22. Rxf7 Kxf7 23. Rd1 Bxb2 24. Rxd5 Bf5 25. Nd4 Rc8 26. Nxf5 gxf5 27.
Rd2 Bc1 28. Rd7+ Ke6 29. Bxc1 Kxd7 0-1

[Event "DVM U16 2016"]
[Site "Neumarkt in der Oberpfalz GER"]
[Date "2016.12.27"]
[Round "2"]
[White "Roseneck, Jonas"]
[Black "Baureis, Julian"]
[Result "1-0"]
[Termination "normal"]
[Board "6.3"]
[WhiteElo "2094"]
[BlackElo "1606"]
[WhiteTeam "SG Aufbau Elbe Magdeburg"]
[BlackTeam "SV Walldorf"]
[PlyCount "111"]
[WhiteFideId "12939870"]
[BlackFideId "12991112"]
[EventCountry "GER"]
[EventRounds "7"]
[EventType "team-swiss"]
[EventDate "2016.12.26"]

1. e4 e5 2. Nf3 Nc6 3. Bc4 Bc5 4. c3 Nf6 5. d4 exd4 6. e5 d5 7. Bb5 Ne4 8. cxd4
Bb4+ 9. Bd2 Bxd2+ 10. Nbxd2 Bd7 11. O-O O-O 12. Bd3 Bf5 13. Bb5 Bd7 14. Bd3 Bf5
15. Qe2 Nxd2 16. Qxd2 Be4 17. Be2 f6 18. Qe3 Qe7 19. Nd2 fxe5 20. dxe5 Qxe5 21.
Nxe4 Qxe4 22. Bf3 Qf5 23. Qb3 Na5 24. Qxd5+ Qxd5 25. Bxd5+ Kh8 26. Rac1 Rad8
27. Rfd1 c6 28. Bf3 Rxd1+ 29. Bxd1 Rf4 30. b3 Rd4 31. Bf3 b6 32. g3 c5 33. Re1
g6 34. Re8+ Kg7 35. Re7+ Kh6 36. Re2 Rd6 37. Re7 Rd2 38. Rxa7 Rxa2 39. Bd5 Ra1+
40. Kg2 Nxb3 41. Rb7 Nd2 42. Rxb6 c4 43. Rc6 Ra5 44. Bxc4 Nxc4 45. Rxc4 g5 46.
Rc6+ Kg7 47. Kf3 Ra4 48. Re6 h5 49. Rb6 g4+ 50. Kg2 Ra2 51. Rb4 Kg6 52. Rf4 Kg5
53. Rf8 Rb2 54. h3 Ra2 55. Rg8+ Kf5 56. h4 1-0

[Event "DVM U16 2016"]
[Site "Neumarkt in der Oberpfalz GER"]
[Date "2016.12.27"]
[Round "2"]
[White "Brede, Robert"]
[Black "Hoffmann, Lennard"]
[Result "0-1"]
[Termination "normal"]
[Board "6.4"]
[WhiteElo "1471"]
[BlackElo "1938"]
[WhiteTeam "SV Walldorf"]
[BlackTeam "SG Aufbau Elbe Magdeburg"]
[PlyCount "86"]
[WhiteFideId "12971405"]
[BlackFideId "12943495"]
[EventCountry "GER"]
[EventRounds "7"]
[EventType "team-swiss"]
[EventDate "2016.12.26"]

1. c4 e5 2. Nc3 Nc6 3. g3 g6 4. Bg2 Bg7 5. b3 f5 6. Bb2 Nf6 7. Nd5 O-O 8. Nxf6+
Qxf6 9. e3 d6 10. Ne2 Bd7 11. a3 Qe7 12. Qc2 e4 13. Nf4 Ne5 14. d4 exd3 15. Qd2
Bc6 16. Nd5 Qf7 17. Rd1 Rae8 18. O-O Bxd5 19. cxd5 Re7 20. Rc1 Rd8 21. h3 Kh8
22. f4 Nd7 23. Bxg7+ Qxg7 24. Rxc7 Nc5 25. Rxe7 Qxe7 26. Kh2 Kg8 27. Rb1 Rc8
28. Rc1 Re8 29. Re1 Nxb3 30. Qxd3 Nc5 31. Qc3 Ne4 32. Qc2 Nc5 33. Qc3 Rc8 34.
Rc1 Re8 35. Re1 Rc8 36. Rc1 Rc7 37. Bf1 Qd8 38. Bd3 Kf7 39. Rc2 Re7 40. Be2 Qe8
41. Qb2 Rxe3 42. Bb5 Qd8 43. Re2 Rb3  0-1

[Event "DVM U16 2016"]
[Site "Neumarkt in der Oberpfalz GER"]
[Date "2016.12.27"]
[Round "2"]
[White "Joeres, Stefan"]
[Black "Kasüschke, Lars"]
[Result "1/2-1/2"]
[Termination "normal"]
[Board "7.1"]
[WhiteElo "1918"]
[BlackElo "1900"]
[WhiteTeam "Karlsruher SF"]
[BlackTeam "SG Schwäbisch Gmünd"]
[PlyCount "76"]
[WhiteFideId "12983160"]
[BlackFideId "12939510"]
[EventCountry "GER"]
[EventRounds "7"]
[EventType "team-swiss"]
[EventDate "2016.12.26"]

1. e4 c5 2. Nf3 Nc6 3. d4 cxd4 4. Nxd4 g6 5. c4 Bg7 6. Nc2 Nf6 7. Nc3 O-O 8.
Be2 d6 9. O-O a5 10. Na3 Bd7 11. Be3 Ne5 12. f3 Bc6 13. Qd2 Ned7 14. Rac1 a4
15. Rc2 Nc5 16. e5 Ne8 17. exd6 exd6 18. Rd1 Qe7 19. Nab5 Bxc3 20. Rxc3 Ne6 21.
Nxd6 Nxd6 22. Qxd6 Qh4 23. Rcd3 Qxc4 24. Qe7 Nf4 25. Bxf4 Qxf4 26. Qd6 Qg5 27.
Qg3 Qxg3 28. hxg3 Rfe8 29. R3d2 Kg7 30. a3 Re3 31. Kf2 Rae8 32. Bf1 R3e5 33.
Rc1 h5 34. Rcc2 R8e7 35. Re2 Kf6 36. Rxe5 Rxe5 37. Rc4 Ke7 38. g4 hxg4 1/2-1/2

[Event "DVM U16 2016"]
[Site "Neumarkt in der Oberpfalz GER"]
[Date "2016.12.27"]
[Round "2"]
[White "Reindl, Arno"]
[Black "Wiesner, Alexander"]
[Result "1-0"]
[Termination "normal"]
[Board "7.2"]
[WhiteElo "1854"]
[BlackElo "1989"]
[WhiteTeam "SG Schwäbisch Gmünd"]
[BlackTeam "Karlsruher SF"]
[PlyCount "101"]
[WhiteFideId "12946729"]
[BlackFideId "12943991"]
[EventCountry "GER"]
[EventRounds "7"]
[EventType "team-swiss"]
[EventDate "2016.12.26"]

1. e4 e6 2. Nf3 d5 3. e5 Ne7 4. a3 Ng6 5. g3 c5 6. b4 Nc6 7. bxc5 Ngxe5 8. Nxe5
Nxe5 9. f4 Nc6 10. d4 h5 11. c3 h4 12. g4 Qc7 13. Be3 Bd7 14. Nd2 O-O-O 15. Nf3
f6 16. Bb5 Re8 17. Bxc6 Bxc6 18. Qd2 h3 19. Rg1 b6 20. cxb6 axb6 21. Kf2 Bd6
22. Rgc1 g5 23. fxg5 Bxh2 24. Kf1 Bb5+ 25. c4 Bxc4+ 26. Rxc4 Qxc4+ 27. Kf2 Bc7
28. Rc1 Qa4 29. Qc3 Rh7 30. gxf6 Kb7 31. g5 h2 32. Rh1 Rg8 33. Qd3 Rf7 34. Nxh2
Bxh2 35. Rxh2 Qc4 36. Qxc4 dxc4 37. Kf3 Kc6 38. Ke4 Rg6 39. Ke5 Kd7 40. Rb2 Rg8
41. Rxb6 Ra8 42. Rd6+ Ke8 43. Rxe6+ Kd7 44. g6 Rff8 45. Re7+ Kc6 46. d5+ Kb5
47. f7 c3 48. g7 Rxf7 49. Rxf7 Re8+ 50. Kd4 c2 51. Rc7 1-0

[Event "DVM U16 2016"]
[Site "Neumarkt in der Oberpfalz GER"]
[Date "2016.12.27"]
[Round "2"]
[White "Wegmer, Leon"]
[Black "Reindl, Knut"]
[Result "1-0"]
[Termination "normal"]
[Board "7.3"]
[WhiteElo "1511"]
[BlackElo "1823"]
[WhiteTeam "Karlsruher SF"]
[BlackTeam "SG Schwäbisch Gmünd"]
[PlyCount "123"]
[WhiteFideId "12983748"]
[BlackFideId "12946753"]
[EventCountry "GER"]
[EventRounds "7"]
[EventType "team-swiss"]
[EventDate "2016.12.26"]

1. e4 c5 2. c3 d5 3. exd5 Qxd5 4. Nf3 Bf5 5. Bb5+ Nc6 6. Bxc6+ Qxc6 7. d4 e6 8.
O-O Bg4 9. Nbd2 cxd4 10. Nxd4 Bxd1 11. Nxc6 Ba4 12. Nd4 Bc5 13. N2f3 Nf6 14.
Re1 O-O 15. b3 Bd7 16. Bg5 Rad8 17. Bxf6 gxf6 18. b4 Bb6 19. a4 a5 20. Nb3 Rc8
21. Rec1 axb4 22. a5 Ba7 23. cxb4 e5 24. Nfd2 Be6 25. Nc5 Bxc5 26. Rxc5 Rcd8
27. Ne4 Kg7 28. Rc7 Rd4 29. Nc5 Bd5 30. Rb1 Rb8 31. h3 b6 32. Nd7 Be4 33. Rb3
Rxd7 34. Rxd7 bxa5 35. Rg3+ Kf8 36. bxa5 Rb1+ 37. Kh2 Ra1 38. Ra7 Ra2 39. Re3
Bd5 40. f3 Bc4 41. Re1 Bd5 42. Kg3 Ra3 43. Rd1 Be6 44. Rd8+ Kg7 45. Rd6 Bc4 46.
h4 Ra2 47. Kg4 Rxg2+ 48. Kf5 Rf2 49. Ke4 Rh2 50. Rc7 Re2+ 51. Kf5 Bb3 52. Kg4
Rg2+ 53. Kh3 Re2 54. a6 f5 55. h5 h6 56. a7 Ra2 57. Rg6+ Kh7 58. Rd6 f4 59. Kg4
Kg7 60. Kf5 e4 61. Kxe4 Ra4+ 62. Rd4 1-0

[Event "DVM U16 2016"]
[Site "Neumarkt in der Oberpfalz GER"]
[Date "2016.12.27"]
[Round "2"]
[White "Reindl, Jork"]
[Black "Akimenko, Oleg"]
[Result "1/2-1/2"]
[Termination "normal"]
[Board "7.4"]
[WhiteElo "1472"]
[BlackElo "1225"]
[WhiteTeam "SG Schwäbisch Gmünd"]
[BlackTeam "Karlsruher SF"]
[PlyCount "133"]
[WhiteFideId "16200152"]
[BlackFideId "16235126"]
[EventCountry "GER"]
[EventRounds "7"]
[EventType "team-swiss"]
[EventDate "2016.12.26"]

1. e4 e5 2. Nf3 Nc6 3. Bc4 Nf6 4. d3 Bc5 5. Bg5 d6 6. h3 Be6 7. Bb3 O-O 8. Nc3
Bb4 9. O-O Bxc3 10. bxc3 h6 11. Be3 d5 12. exd5 Nxd5 13. Bc5 Re8 14. c4 Nf6 15.
Re1 Nd7 16. Ba3 Qf6 17. Bb2 Qg6 18. Kh1 f6 19. c3 Rad8 20. Bc2 Qf7 21. Qb1 Bf5
22. Nh4 Bh7 23. Ba3 Na5 24. Qb5 b6 25. Nf3 c5 26. Qb1 Qg6 27. Re2 Qf7 28. Qd1
Nf8 29. Ba4 Re7 30. Qe1 Rxd3 31. Bb3 Nxb3 32. axb3 e4 33. Nd2 Rxc3 34. Nxe4
Bxe4 35. Rxe4 Rxe4 36. Qxc3 Qe7 37. Bb2 a5 38. Qf3 Nd7 39. Rg1 Nb8 40. Qg3 Nc6
41. Bc1 Kh7 42. Qd3 Nb4 43. Qb1 Kg8 44. Ba3 Re2 45. Bxb4 cxb4 46. Qf5 Qe6 47.
Qf3 Rd2 48. Qg3 Kf7 49. Qc7+ Rd7 50. Qg3 Qc6 51. Qg4 a4 52. bxa4 Qxa4 53. Qh5+
Kg8 54. Qe8+ Kh7 55. Qe4+ g6 56. Qb1 b3 57. Rc1 Rc7 58. Rc3 b5 59. Rg3 f5 60.
cxb5 Qxb5 61. Rxb3 Qc5 62. Rb7 Kg7 63. Qb2+ Kf7 64. Rxc7+ Qxc7 65. Qh8 Qc1+ 66.
Kh2 Qf4+ 67. Kg1  1/2-1/2

[Event "DVM U16 2016"]
[Site "Neumarkt in der Oberpfalz GER"]
[Date "2016.12.27"]
[Round "2"]
[White "Grieb, Lukas"]
[Black "Wendler, David"]
[Result "0-1"]
[Termination "normal"]
[Board "8.1"]
[WhiteElo "1810"]
[BlackElo "1962"]
[WhiteTeam "SK Gau-Algesheim"]
[BlackTeam "SK Bebenhausen"]
[PlyCount "48"]
[WhiteFideId "1271993"]
[BlackFideId "12938360"]
[EventCountry "GER"]
[EventRounds "7"]
[EventType "team-swiss"]
[EventDate "2016.12.26"]

1. e4 c5 2. Nf3 Nc6 3. d4 cxd4 4. Nxd4 g6 5. Be3 Nf6 6. Nc3 Bg7 7. h3 O-O 8.
Qd2 d5 9. Nxc6 bxc6 10. e5 Ne4 11. Nxe4 dxe4 12. Qc3 Be6 13. Rd1 Qc7 14. Bf4
Rfd8 15. Rxd8+ Rxd8 16. Bb5 c5 17. O-O Rd4 18. Re1 Bxe5 19. Bxe5 Qxe5 20. Qa5
Qg5 21. Qxa7 Bxh3 22. Bf1 Be6 23. Qa8+ Kg7 24. Rxe4 Bd5  0-1

[Event "DVM U16 2016"]
[Site "Neumarkt in der Oberpfalz GER"]
[Date "2016.12.27"]
[Round "2"]
[White "Freiherr von Hauff, Christopher"]
[Black "Erlekam, Simon"]
[Result "1/2-1/2"]
[Termination "normal"]
[Board "8.2"]
[WhiteElo "1793"]
[BlackElo "1843"]
[WhiteTeam "SK Bebenhausen"]
[BlackTeam "SK Gau-Algesheim"]
[PlyCount "107"]
[WhiteFideId "16200691"]
[BlackFideId "12921416"]
[EventCountry "GER"]
[EventRounds "7"]
[EventType "team-swiss"]
[EventDate "2016.12.26"]

1. e4 c5 2. c3 Nf6 3. e5 Nd5 4. d4 cxd4 5. Nf3 e6 6. cxd4 d6 7. exd6 Bxd6 8.
Nc3 O-O 9. Bd3 Nf4 10. Bxf4 Bxf4 11. Qe2 Bh6 12. Rd1 Nc6 13. O-O g6 14. Bb1 Ne7
15. Rfe1 Qa5 16. Qe5 Qxe5 17. dxe5 Rb8 18. a3 b5 19. Ba2 a5 20. Ne4 Bg7 21. Nc5
b4 22. Bc4 Re8 23. a4 Bb7 24. Nxb7 Rxb7 25. Bb5 Reb8 26. h3 Rc7 27. Nd4 Rc5 28.
f4 Nd5 29. g3 Nc7 30. Rc1 Bf8 31. Kg2 Nxb5 32. Nxb5 Rbc8 33. Rxc5 Rxc5 34. Re2
b3 35. Nc3 Rc6 36. Kf3 Bb4 37. Ne4 Rc2 38. Ke3 Kf8 39. Kd3 Rc1 40. Nc3 Rg1 41.
Re3 Rg2 42. Ne2 Bc5 43. Rf3 h5 44. Kc4 Ba7 45. Nd4 Bxd4 46. Kxd4 Rxb2 47. Kc4
Ke7 48. Rxb3 Rxb3 49. Kxb3 Kd7 50. Kc4 Kc6 51. g4 hxg4 52. hxg4 Kb6 53. Kd4 Kc6
54. Kc4  1/2-1/2

[Event "DVM U16 2016"]
[Site "Neumarkt in der Oberpfalz GER"]
[Date "2016.12.27"]
[Round "2"]
[White "Breitenbach, Justin"]
[Black "Grimm, Ling Leander"]
[Result "1/2-1/2"]
[Termination "normal"]
[Board "8.3"]
[WhiteElo "1453"]
[BlackElo "1703"]
[WhiteTeam "SK Gau-Algesheim"]
[BlackTeam "SK Bebenhausen"]
[PlyCount "115"]
[WhiteFideId "12971383"]
[BlackFideId "12968277"]
[EventCountry "GER"]
[EventRounds "7"]
[EventType "team-swiss"]
[EventDate "2016.12.26"]

1. e4 c5 2. Nf3 Nc6 3. d4 cxd4 4. Nxd4 g6 5. Nc3 Bg7 6. Be3 Nf6 7. Be2 O-O 8.
O-O d5 9. exd5 Nb4 10. Qd2 Nbxd5 11. Nxd5 Nxd5 12. Bh6 Nf6 13. Bxg7 Kxg7 14.
Rad1 Qb6 15. Qc3 Bd7 16. Qb3 Qxb3 17. Nxb3 e5 18. Rfe1 Rac8 19. c3 Bc6 20. Bd3
Rfe8 21. Nd2 Rcd8 22. Bc2 Nd5 23. Nf3 f6 24. Be4 Nf4 25. Bxc6 bxc6 26. h3 c5
27. Rxd8 Rxd8 28. Re4 Nd3 29. Ra4 Rd7 30. b3 f5 31. Kf1 e4 32. Ne1 Nb2 33. Ra5
c4 34. Ke2 Nd1 35. bxc4 Nxc3+ 36. Ke3 Nd1+ 37. Ke2 Nb2 38. c5 Nc4 39. Rb5 Rd2+
40. Kf1 Rxa2 41. c6 Ra6 42. Rb7+ Kf6 43. Rxh7 Rxc6 44. Rxa7 Ke5 45. Rd7 Ke6 46.
Rd8 Ke7 47. Rd1 Nd6 48. g3 Ke6 49. Ng2 g5 50. h4 gxh4 51. Nxh4 Nc4 52. Ng2 Ne5
53. Nf4+ Kf6 54. Nd5+ Kg5 55. Ne3 Nd3 56. Ra1 Rc5 57. Ke2 Rb5 58. Ra2 1/2-1/2

[Event "DVM U16 2016"]
[Site "Neumarkt in der Oberpfalz GER"]
[Date "2016.12.27"]
[Round "2"]
[White "Ortner, Jonas Ruben"]
[Black "Jilge, Sebastian"]
[Result "0-1"]
[Termination "normal"]
[Board "8.4"]
[WhiteElo "1423"]
[BlackElo "1395"]
[WhiteTeam "SK Bebenhausen"]
[BlackTeam "SK Gau-Algesheim"]
[PlyCount "124"]
[WhiteFideId "16235118"]
[BlackFideId "16208048"]
[EventCountry "GER"]
[EventRounds "7"]
[EventType "team-swiss"]
[EventDate "2016.12.26"]

1. e4 e5 2. Nf3 Nc6 3. Bc4 Bc5 4. c3 Nf6 5. d4 exd4 6. cxd4 Bb4+ 7. Nc3 Nxe4 8.
O-O Bxc3 9. d5 O-O 10. bxc3 Ne7 11. d6 Nxd6 12. Bb3 Ndf5 13. g4 Nh6 14. h3 d6
15. Bg5 Be6 16. Re1 Qd7 17. Nd4 d5 18. Bxe7 Qxe7 19. Bxd5 Rad8 20. Rxe6 fxe6
21. Nxe6 Nf7 22. Nxd8 Rxd8 23. Bxf7+ Kxf7 24. Qf3+ Qf6 25. Qxb7 Qxc3 26. Qb3+
Qxb3 27. axb3 Ra8 28. Ra6 Ke7 29. Kg2 Kd7 30. Kg3 Rb8 31. Rxa7 Rxb3+ 32. f3 Kd6
33. g5 Re3 34. Kf4 Re7 35. h4 c5 36. Rxe7 Kxe7 37. Ke5 c4 38. Kd4 Ke6 39. Kxc4
Ke5 40. Kd3 Kf4 41. Ke2 Kg3 42. h5 Kf4 43. g6 h6 44. Kf2 Kg5 45. Kg3 Kxh5 46.
Kf4 Kxg6 47. Kg4 Kf6 48. Kf4 h5 49. Kg3 g5 50. Kh3 Kf5 51. Kg3 Ke5 52. Kg2 Kf4
53. Kf2 h4 54. Kg2 h3+ 55. Kxh3 Kxf3 56. Kh2 g4 57. Kg1 Kg3 58. Kh1 Kf2 59. Kh2
g3+ 60. Kh1 g2+ 61. Kh2 g1=Q+ 62. Kh3 Qg3# 0-1